Online
Catalog

El regreso al desierto ; (Record no. 4363)

MARC details
000 -CABECERA
campo de control de longitud fija 00945cam a22002537a 4500
001 - NÚMERO DE CONTROL
campo de control 000004555
005 - FECHA Y HORA DE LA ÚLTIMA TRANSACCIÓN
campo de control 20200929151447.0
008 - DATOS DE LONGITUD FIJA--INFORMACIÓN GENERAL
campo de control de longitud fija 961003s1995 ck 000 0 spa
010 ## - NÚMERO DE CONTROL DE LA BIBLIOTECA DEL CONGRESO
Número de control de LC 96205204
040 ## - FUENTE DE LA CATALOGACIÓN
Centro catalogador/agencia de origen DO-SdBNP
Centro/agencia transcriptor DLC
Centro/agencia modificador DLC
050 00 - SIGNATURA TOPOGRÁFICA DE LA BIBLIOTECA DEL CONGRESO
Número de clasificación MLCS 96/05901 (P)
100 1# - ENTRADA PRINCIPAL--NOMBRE DE PERSONA
Nombre de persona Koltès, Bernard-Marie.
9 (RLIN) 13305
240 10 - TÍTULO UNIFORME
Título uniforme Regreso al desierto
245 13 - MENCIÓN DE TÍTULO
Título El regreso al desierto ;
Resto del título Tabataba /
Mención de responsabilidad, etc. Bernard-Marie Koltès ; traducciones, Sandro Romero Rey, Heidi Abderhalden Cortés.
246 3# - FORMA VARIANTE DE TÍTULO
Título propio/Titulo breve Regreso al desierto ; Tabataba
260 ## - PUBLICACIÓN, DISTRIBUCIÓN, ETC.
Lugar de publicación, distribución, etc. [Bogotá] :
Nombre del editor, distribuidor, etc. Escuela Nacional de Arte Dramático :
-- Colcultura,
Fecha de publicación, distribución, etc. 1995.
300 ## - DESCRIPCIÓN FÍSICA
Extensión 94 p. ;
Dimensiones 22 cm.
490 0# - MENCIÓN DE SERIE
Mención de serie Gestus. Separata dramatúrgica
700 12 - PUNTO DE ACCESO ADICIONAL--NOMBRE DE PERSONA
Nombre de persona Koltès, Bernard-Marie.
Título de la obra Tabataba.
Lenguaje de la obra Spanish.
9 (RLIN) 13306
906 ## - ELEMENTOS DE DATOS F LOCAL, LDF (RLIN)
a 7
b cbc
c orignew
d 4
e ncip
f 19
g y-gencatlg
922 ## -
-- ax
991 ## -
-- c-GenColl
-- MLCS 96/05901 (P)
-- 0003471745A
-- Copy 1
-- BOOKS
Holdings
Estado de retiro Estado de pérdida Restricciones de uso No para préstamo Código de colección Localización permanente Ubicación/localización actual Ubicación en estantería Fecha de adquisición Número de inventario Total de préstamos Signatura topográfica completa Código de barras Fecha visto por última vez Precio válido a partir de Tipo de ítem Koha
    Préstamo interno   Monografías: Libros y Folletos General General En catalogación 23.07.2009 LF1   4555-10 25.06.2020 25.06.2020 Préstamo interno

Powered by Koha